Ταξιδιωτικοί οργανισμοί : στρατηγικές ανάπτυξης, λειτουργίες διοίκησης και εταιρική ευθύνη
Αποθηκεύτηκε σε:
| Κύριοι συγγραφείς: | , |
|---|---|
| Άλλοι συγγραφείς: | , |
| Μορφή: | Βιβλίο |
| Γλώσσα: | Greek English |
| Δημοσίευση: |
Αθήνα :
Προπομπός,
c2021.
|
| Θέματα: | |
| Ετικέτες: |
Προσθήκη ετικέτας
Δεν υπάρχουν, Καταχωρήστε ετικέτα πρώτοι!
|
MARC
| LEADER | 00000cam a2200000 a 4500 | ||
|---|---|---|---|
| 001 | 1/122615 | ||
| 008 | 210202t2021####gr | ||| |||| ||gre|| | ||
| 020 | |a 9786185036577 |q (χαρτόδετο) | ||
| 040 | |a GR-MyUa |b gre |c GR-MyUa |e AACR2 | ||
| 041 | 1 | |a gre |h eng | |
| 082 | 7 | |a 910.68 |2 (23) | |
| 100 | 1 | |a Holland, Jacqueline, |e aut | |
| 245 | 1 | 0 | |a Ταξιδιωτικοί οργανισμοί : |b στρατηγικές ανάπτυξης, λειτουργίες διοίκησης και εταιρική ευθύνη / |c Jacqueline Holland, David Leslie, επιμέλεια Ιουλία Πουλάκη, μετάφραση Δημήτρης Παπαγιάννης. |
| 260 | |a Αθήνα : |b Προπομπός, |c c2021. | ||
| 300 | |a 399 σ. : |b διαγρ., πίν. ; |c 24 εκ. | ||
| 500 | |a Μετάφραση του : Tour operators and operations. Development, management and responsibility. | ||
| 504 | |a Περιλαμβάνει βιβλιογραφία και ευρετήριο όρων. | ||
| 650 | 0 | |a Tourism |x Management. | |
| 650 | 0 | |a Package tours. | |
| 700 | 1 | |a Leslie, David W. |e aut | |
| 700 | 1 | |a Πουλάκη, Ιουλία, |e edtf | |
| 700 | 1 | |a Παπαγιάννης, Δημήτρης, |e trl |e edt | |
| 852 | |a INST |b CHIOS |c EUDOXUS |e 20210202 |h 910.68 HOL |p 005200039812 |q 005200039812 |t EDX |y 0 | ||
| 852 | |a INST |b CHIOS |c EUDOXUS |e 20210202 |h 910.68 HOL |p 005200039813 |q 005200039813 |t EDX |y 0 | ||
| 920 | |a Εύδοξος |b Παραγγελία |y Χίος-ΤΟΔΙΤ |z 2021-01 | ||
| 920 | |a Εύδοξος |b Παραγγελία |y Χίος-ΤΔΕ |z 2021-01 | ||
| 970 | |a Παροικάκη |b Βασιλική |z 02-02-2021 | ||